000 01084nam a2200289 a 4500
001 80405
003 BD-RjUL
005 20220920125948.0
008 220920s1869 enk 001 p eng
035 _aOCLC ocm06363749 from D971118T
035 _a(BD-RjUL)80405
040 _aDLC
_cCLE
_dCLE
_dEQO
_dBD-RjUL
_beng
041 1 _aeng
_asan
_hsan
082 _223
_a294.59212
_bRIG 1869
130 0 _aVedas.
_pR̥gveda.
_kSelections.
_94925
245 1 0 _aRig-Veda-Sanhita :
_bthe sacred hymns of the Brahmans /
_ctranslated and explained by F. Max Müller.
246 3 _aHymns to the Maruts or the storm gods
260 _aLondon :
_bTrübner,
_c1869.
300 _aclii, 263, 56 pages ;
_c23 cm.
500 _aNo more published.
504 _aIncludes bibliographical references and index.
650 _aRigveda
_94926
700 1 _aMüller, F. Max
_q(Friedrich Max),
_d1823-1900.
_94927
942 _2ddc
_cBK
999 _c80405
_d80405